Materials used to make a phone - Sudden Death - Statistics

General Stats
  • This quiz has been taken 86 times
    79 since last reset
  • The average score is 6 of 16
Answers on the Grid
Answers color-coded by a green-red scale on the quiz's grid according to % correct below.
Aluminium
Brass
Charcoal
Cobalt
Copper
Diamond
Gallium
Glass
Gold
Iron
Lead
Lead
Lithium
Mercury
Nickel
Plastic
Quartz
Silicon
Silver
Steel
Tin
Titanium
Uranium
Zinc
 
Answer Stats
Answer % Correct
Aluminium
75%
Lithium
60%
Copper
56%
Glass
52%
Plastic
48%
Gold
42%
Cobalt
40%
Silicon
38%
Iron
31%
Nickel
29%
Quartz
21%
Zinc
21%
Tin
17%
Gallium
15%
Silver
13%
Lead
10%
No matching quizzes found
Score Distribution
Percent of People with Each Score
Percentile by Number Answered
Your Score History
You have not taken this quiz since the last reset